000 00954cam a22002531 4500
001 sa 65008288
003 DLC
005 20260227112155.0
008 891102s1964 ii b 000 0beng
010 _asa 65008288
035 _a(OCoLC)21007303
040 _aDLC
_cNAlU
_dOCoLC
_dDLC
042 _apremarc
050 0 0 _aJQ298.I5
_bK3 1964
100 1 _aKaushik, P. D.
_q(Pitambar Datta),
_d1937-
245 1 4 _aThe Congress ideology and programme, 1920-47;
_bideological foundations of Indian nationalism during the Gandhian era,
_cby P. D. Kaushik.
260 _aBombay,
_aNew York,
_bAllied Publishers
_c[1964]
300 _aix, 405 p.
_c23 cm.
500 _a"Revised version of ... [the author's] thesis submitted for the degree of Ph. D. ... University of Saugar."
504 _aBibliography: p. 383-394.
600 1 0 _aGandhi,
_cMahatma,
_d1869-1948
610 2 0 _aIndian National Congress.
651 0 _aIndia
_xPolitics and government
_y1919-1947.
999 _c65677
_d65677